000 00411nam a22001577a 4500
003 MPLRDC
005 20220104142623.0
008 210129b ||||| |||| 00| 0 eng d
082 _a572.23886 SF
100 _a联邦法院院长丹斯里苏芬著
245 _a马来西亚公民权
_c
260 _a
_bJABATAN PENERANGAN
_c
300 _b
650 _a国籍; 公民; 公权
942 _cBK
_o572.23886 SF
999 _c32349
_d32339